| 000 | 00855nam a22001577a 4500 | ||
|---|---|---|---|
| 003 | OSt | ||
| 005 | 20151113162238.0 | ||
| 008 | 151113b xxu||||| |||| 00| 0 eng d | ||
| 040 | _cRUA | ||
| 082 | _aFOR SRE 2010 B139 Or.1 | ||
| 100 |
_93662 _aSRENG, SOK LEU. |
||
| 245 | _aThe effect of different rooting growth reulators on root ability of acacia and eucal yptus clones at kompong seila district sihanouk province, លទ្ធភាពនៃការដុះលូតលាស់របស់ឬសរុក្ខជាតិប្រេងខ្យល់ និង អាកាស្យាតាមរយៈការប្រើប្រាស់អ័រមូននៅស្រុកកំពង់សិលាខេត្តព្រះសីហនុ | ||
| 260 |
_aPhnom Penh _bRUA _c2010 |
||
| 300 |
_axii; 59cm. _bill. _c29cm. |
||
| 942 |
_2ddc _cFOR |
||
| 999 |
_c3410 _d3410 |
||